header

Brecht in L.A (Record no. 75354)

MARC details
000 -LEADER
fixed length control field 01068nam a2200289Ia 4500
100 1# - MAIN ENTRY--AUTHOR NAME
Personal name Mitchell, Rick.
245 10 - TITLE STATEMENT
Title Brecht in L.A
260 ## - PUBLICATION, DISTRIBUTION, ETC. (IMPRINT)
Place of publication Bristol ;
-- Portland :
Name of publisher Intellect,
Year of publication 2003.
300 ## - PHYSICAL DESCRIPTION
Number of Pages viii, 134 p.
650 #0 - SUBJECT ADDED ENTRY--TOPICAL TERM
Topical Term Drama.
856 40 - ELECTRONIC LOCATION AND ACCESS
Uniform Resource Identifier http://site.ebrary.com/lib/rucke/Doc?id=10044917

No items available.

© 2026 Rongo University
Contact us: librarian | system librarian | Rongo university